000 00883nam a22002177a 4500
999 _c18821
_d18821
003 AR-CdUCM
008 190515b ||||| |||| 00| 0 spa d
040 _aMUNICIPALIDAD PROVINCIAL DEL CUSCO
_cBIBLIOTECA MUNICIPAL DEL CUSCO
082 _a372.12 /
_bG87.
100 _aGronlund, Norman Edward
_939656
245 _aMedición y evaluación de la enseñanza /
260 _aMéxico :
_bCentro Regional de Ayuda Técnica,
_c1971.
300 _a630 paginas ;
_c22 cm.
505 _aContenido :El proceso de la valuación --Construcción de las pruebas del aula --Uso de las pruebas uniformes --Evaluación de procedimientos,productos y comportamiento típico ...
650 _aEducación
_9460
650 _aEvaluación
_99938
650 _aAprendizaje
_92143
710 _aCentro Regional de Ayuda Técnica ( México)
_919558
942 _2ddc
_cLIBROS
945 _arjall
_d2019-05-15